[Event "Olympiad"]
[Site "Yerevan ARM"]
[Date "1996.09.28"]
[Round "12"]
[White "Spraggett, Kevin"]
[Black "Bouaziz, Slim"]
[Result "1/2-1/2"]
[WhiteElo "2530"]
[BlackElo "2410"]
[PlyCount "67"]
[EventDate "1996.09.16"]
[EventType "team"]
[EventRounds "14"]
[EventCountry "ARM"]

1. c4 c5 2. g3 Nc6 3. Bg2 g6 4. e3 Bg7 5. Ne2 Nf6 6. Nbc3 O-O 7. O-O e6 8. Nf4
e5 9. Nfd5 Nxd5 10. Nxd5 d6 11. b3 Be6 12. Bb2 Ne7 13. f4 Bxd5 14. cxd5 Nf5 15.
Qc2 exf4 16. Rxf4 Qe7 17. Raf1 Bxb2 18. Qxb2 Ng7 19. b4 b6 20. bxc5 bxc5 21.
Rb1 Rac8 22. Ra4 f5 23. Ra6 Rf7 24. Rc6 Rd8 25. Qc3 Ne8 26. Qa5 Nf6 27. Rb7 Rd7
28. Rc8+ Kg7 29. Rxd7 Qxd7 30. Qd8 Qxd8 31. Rxd8 Rd7 32. Rb8 Rc7 33. Rd8 Rd7
34. Rb8 1/2-1/2

[Event "Andorra"]
[Site "AND"]
[Date "1996.??.??"]
[Round "4"]
[White "Forintos, Gyozo"]
[Black "Spraggett, Kevin"]
[Result "1/2-1/2"]
[WhiteElo "2405"]
[BlackElo "2530"]
[PlyCount "29"]
[EventDate "1996.??.??"]
[EventType "swiss"]
[EventRounds "9"]
[EventCountry "AND"]
[Source "ChessBase"]
[SourceDate "1999.11.18"]

1. Nf3 e6 2. g3 f5 3. Bg2 Nf6 4. O-O d5 5. d4 Be7 6. b3 Ne4 7. Ba3 Bxa3 8. Nxa3
Qe7 9. Qc1 b6 10. Qb2 O-O 11. Ne5 Nd7 12. Nd3 a5 13. c4 Bb7 14. Rac1 c6 15. Nb1
1/2-1/2

[Event "Andorra"]
[Site "AND"]
[Date "1996.??.??"]
[Round "5"]
[White "Spraggett, Kevin"]
[Black "Yedidia, Jonathan"]
[Result "1-0"]
[WhiteElo "2530"]
[BlackElo "2445"]
[PlyCount "63"]
[EventDate "1996.??.??"]
[EventType "swiss"]
[EventRounds "9"]
[EventCountry "AND"]
[Source "ChessBase"]
[SourceDate "1999.11.18"]

1. e4 e6 2. Qe2 c5 3. g3 Nc6 4. Nf3 g6 5. Bg2 Bg7 6. O-O d6 7. c3 Nge7 8. Rd1
e5 9. a3 f5 10. d3 b6 11. b4 Ba6 12. exf5 gxf5 13. Ng5 Qc8 14. Qh5+ Ng6 15. Bd5
Nce7 16. Bxa8 Qxa8 17. Ne6 Kf7 18. Nc7 Qb7 19. Nxa6 Qxa6 20. Bg5 Nd5 21. Qf3
Nge7 22. Bxe7 Nxe7 23. Nd2 h5 24. bxc5 bxc5 25. Rab1 d5 26. c4 d4 27. Rb7 Ke6
28. Rdb1 Rc8 29. Rxe7+ Kxe7 30. Rb7+ Kf6 31. Qd5 Rf8 32. Rd7 1-0

[Event "Andorra"]
[Site "AND"]
[Date "1996.??.??"]
[Round "6"]
[White "Lupu, Mircea Sergiu"]
[Black "Spraggett, Kevin"]
[Result "1/2-1/2"]
[WhiteElo "2480"]
[BlackElo "2530"]
[PlyCount "37"]
[EventDate "1996.??.??"]
[EventType "swiss"]
[EventRounds "9"]
[EventCountry "AND"]
[Source "ChessBase"]
[SourceDate "1999.11.18"]

1. e4 c6 2. d4 d5 3. exd5 cxd5 4. Bd3 Nc6 5. c3 Nf6 6. h3 g6 7. Nf3 Bg7 8. O-O
Bf5 9. Be2 Qc7 10. Na3 O-O 11. Nc2 a6 12. Nce1 e5 13. dxe5 Nxe5 14. Nxe5 Qxe5
15. Nf3 Qc7 16. Be3 Rfe8 17. Nd4 Bxh3 18. gxh3 Rxe3 19. fxe3 1/2-1/2

[Event "Andorra"]
[Site "AND"]
[Date "1996.??.??"]
[Round "7"]
[White "Spraggett, Kevin"]
[Black "Gamundi Salamanca, Antonio"]
[Result "1-0"]
[WhiteElo "2530"]
[BlackElo "2395"]
[PlyCount "146"]
[EventDate "1996.??.??"]
[EventType "swiss"]
[EventRounds "9"]
[EventCountry "AND"]
[Source "ChessBase"]
[SourceDate "1999.11.18"]

1. e4 e5 2. Nf3 Nc6 3. Bb5 d6 4. c3 Nf6 5. d3 Be7 6. O-O O-O 7. Nbd2 Re8 8. Re1
Bf8 9. Nf1 h6 10. h3 a6 11. Ba4 b5 12. Bc2 Ne7 13. a4 Bb7 14. Nh4 c5 15. Qf3
Nh7 16. Qg3 Kh8 17. Ne3 Nf6 18. Ng4 Neg8 19. Nf5 Nxg4 20. hxg4 g6 21. Ne3 Be7
22. Bb3 Rf8 23. Qh2 Kg7 24. f3 Rb8 25. g3 Bc6 26. Rf1 Qd7 27. axb5 axb5 28. Kf2
Bg5 29. Rh1 Qd8 30. f4 c4 31. Bc2 cxd3 32. Bxd3 exf4 33. gxf4 Be7 34. Qg3 d5
35. exd5 Bxd5 36. Nxd5 Qxd5 37. Qf3 Qxf3+ 38. Kxf3 Rfd8 39. Be2 b4 40. c4 Bf6
41. Ra6 Bd4 42. Rd1 Ne7 43. b3 Kg8 44. Be3 Bxe3 45. Rxd8+ Rxd8 46. Kxe3 h5 47.
Rb6 h4 48. Bf3 h3 49. Ra6 Kg7 50. Ra7 Kf8 51. Ra2 Kg7 52. Rh2 Rh8 53. c5 Kf6
54. Kd4 g5 55. Kc4 gxf4 56. Kxb4 Kg5 57. Re2 Ng6 58. c6 f6 59. c7 Rc8 60. Rc2
Ne5 61. Bb7 h2 62. Bxc8 h1=Q 63. Bf5 Qe1+ 64. Ka4 Qa1+ 65. Kb5 Nf7 66. Kc6 Qa6+
67. Kd7 Qb7 68. Ke6 Qxb3+ 69. Ke7 Qb7 70. Kxf7 f3 71. Be4 Qxe4 72. Rc5+ Kf4 73.
c8=Q Qh7+ 1-0

[Event "ESP-Tch"]
[Site "Oropesa del Mar ESP"]
[Date "1996.??.??"]
[Round "1"]
[White "Spraggett, Kevin"]
[Black "Galiana Salom, Juan Ramon"]
[Result "1-0"]
[WhiteElo "2530"]
[BlackElo "2215"]
[PlyCount "79"]
[EventDate "1996.??.??"]
[EventType "team"]
[EventRounds "9"]
[EventCountry "ESP"]

1. Nf3 d5 2. b3 Nf6 3. Bb2 e6 4. g3 c5 5. Bg2 Nc6 6. e3 Be7 7. O-O O-O 8. c4
dxc4 9. bxc4 Qb6 10. Qc1 Rd8 11. Rd1 Bd7 12. d3 Be8 13. Nc3 Rac8 14. Ne1 Qc7
15. Qc2 b6 16. Qe2 Na5 17. f4 Bc6 18. e4 a6 19. e5 Ne8 20. Ne4 b5 21. Bc3 bxc4
22. dxc4 Ba4 23. Rdc1 Nc6 24. Nf3 Nd4 25. Bxd4 cxd4 26. Qd3 h6 27. c5 Bb5 28.
Qd2 Qa7 29. Nd6 Rxc5 30. Rxc5 Qxc5 31. Nb7 Qc3 32. Qxc3 dxc3 33. Nxd8 Bxd8 34.
a4 Bb6+ 35. Kh1 Bc4 36. Rc1 Bb3 37. Rxc3 Bxa4 38. Rc8 Kf8 39. Nd2 Ke7 40. Bc6
1-0

[Event "ESP-Tch"]
[Site "Oropesa del Mar ESP"]
[Date "1996.??.??"]
[Round "6"]
[White "Spraggett, Kevin"]
[Black "Gulko, Boris"]
[Result "1/2-1/2"]
[WhiteElo "2530"]
[BlackElo "2615"]
[PlyCount "41"]
[EventDate "1996.??.??"]
[EventType "team"]
[EventRounds "9"]
[EventCountry "ESP"]

1. c4 e5 2. g3 c6 3. d4 Bb4+ 4. Bd2 Bxd2+ 5. Qxd2 d6 6. Nc3 Nf6 7. Nf3 e4 8.
Ng5 d5 9. cxd5 cxd5 10. f3 h6 11. Nh3 exf3 12. exf3 Bxh3 13. Bxh3 O-O 14. O-O-O
Nc6 15. g4 b5 16. g5 b4 17. Na4 hxg5 18. Qxg5 Nh7 19. Qd2 Qh4 20. Bd7 Nf6 21.
Bxc6 1/2-1/2

[Event "Linares op"]
[Site "Linares ESP"]
[Date "1996.??.??"]
[Round "?"]
[White "Malaniuk, Vladimir"]
[Black "Spraggett, Kevin"]
[Result "1-0"]
[WhiteElo "2585"]
[BlackElo "2545"]
[PlyCount "82"]
[EventDate "1996.??.??"]
[EventType "swiss"]
[EventRounds "9"]
[EventCountry "ESP"]
[Source "ChessBase"]
[SourceDate "1997.07.29"]

1. d4 Nf6 2. Nf3 d6 3. g3 Nbd7 4. Bg2 e5 5. O-O c6 6. c4 Be7 7. Nc3 O-O 8. Qc2
Re8 9. h3 Bf8 10. e4 a6 11. Be3 b5 12. Nd2 exd4 13. Bxd4 Bb7 14. a3 Rc8 15.
Rad1 g6 16. Rfe1 Qc7 17. Qb1 Bg7 18. Rc1 Qb8 19. b3 Ba8 20. Red1 Re7 21. Nf1
Rce8 22. Be3 Re6 23. cxb5 axb5 24. g4 b4 25. axb4 Qxb4 26. Qc2 c5 27. Nd2 Rb8
28. g5 Ne8 29. Ne2 Ne5 30. Rb1 Re7 31. Nc4 Ra7 32. Nxd6 Nxd6 33. Bxc5 Rc8 34.
Bxb4 Rxc2 35. Nd4 Rxf2 36. Kxf2 Ra2+ 37. Ne2 Ne8 38. Rd8 Bc6 39. Rbd1 h5 40.
R1d2 Ra6 41. Nd4 Bd7 1-0

[Event "Loures"]
[Site "Loures POR"]
[Date "1996.??.??"]
[Round "1"]
[White "Nogueira, Nelson"]
[Black "Spraggett, Kevin"]
[Result "0-1"]
[WhiteElo "2200"]
[BlackElo "2530"]
[PlyCount "79"]
[EventDate "1996.??.??"]
[EventType "tourn"]
[EventRounds "11"]
[EventCountry "POR"]
[Source "ChessBase"]
[SourceDate "1997.11.17"]

1. Nf3 Nf6 2. c4 c6 3. b3 d5 4. e3 Bg4 5. Bb2 e6 6. Be2 Nbd7 7. d4 Bb4+ 8. Nfd2
Bf5 9. O-O O-O 10. f4 h6 11. c5 Ba5 12. a3 Bc7 13. Nc3 Bh7 14. Rc1 Qe7 15. b4
a6 16. Nb3 Ne4 17. Qe1 g5 18. Nxe4 Bxe4 19. Nd2 Bg6 20. Qf2 f5 21. Bd3 Nf6 22.
g3 Rf7 23. Rc2 Rg7 24. Nf3 gxf4 25. exf4 Ne4 26. Qe1 Bh5 27. Ne5 Kh7 28. Kh1
Rag8 29. Rg2 Bxe5 30. dxe5 Bg4 31. Rgg1 Bh3 32. Rf3 h5 33. Qe3 h4 34. g4 Bxg4
35. Rff1 Rg6 36. Bd4 Qg7 37. Qe1 Qh6 38. Be3 Ng3+ 39. Rxg3 hxg3 40. Qxg3 0-1

[Event "Loures"]
[Site "Loures POR"]
[Date "1996.??.??"]
[Round "3"]
[White "Fernandes, Antonio"]
[Black "Spraggett, Kevin"]
[Result "1/2-1/2"]
[WhiteElo "2410"]
[BlackElo "2530"]
[PlyCount "24"]
[EventDate "1996.??.??"]
[EventType "tourn"]
[EventRounds "11"]
[EventCountry "POR"]
[Source "ChessBase"]
[SourceDate "1997.11.17"]

1. d4 c6 2. c4 Nf6 3. Nc3 d6 4. g3 Nbd7 5. Bg2 e5 6. b3 Be7 7. Bb2 O-O 8. Nh3
Re8 9. O-O Bf8 10. dxe5 dxe5 11. Ng5 Qc7 12. Qc2 h6 1/2-1/2

[Event "Loures"]
[Site "Loures POR"]
[Date "1996.??.??"]
[Round "5"]
[White "De Sousa, Jose Claude"]
[Black "Spraggett, Kevin"]
[Result "0-1"]
[WhiteElo "2285"]
[BlackElo "2530"]
[PlyCount "118"]
[EventDate "1996.??.??"]
[EventType "tourn"]
[EventRounds "11"]
[EventCountry "POR"]
[Source "ChessBase"]
[SourceDate "1997.11.17"]

1. d4 Nf6 2. c4 d6 3. Nf3 Nbd7 4. Nc3 c6 5. e4 e5 6. Be2 Be7 7. O-O O-O 8. h3
a6 9. a4 a5 10. Be3 Re8 11. d5 Nf8 12. Ne1 Ng6 13. Nd3 h6 14. Kh2 Rf8 15. Rc1
Kh7 16. Bf3 Qd7 17. Rg1 Nh4 18. Be2 g5 19. dxc6 bxc6 20. c5 Ng6 21. cxd6 Bxd6
22. Nc5 Qe7 23. Nb1 Nf4 24. Bf1 Kg7 25. Nd2 Rd8 26. Qc2 h5 27. g3 Ng6 28. Ndb3
Rh8 29. Qd2 g4 30. Bg5 gxh3 31. Bxh3 h4 32. gxh4 Bxh3 33. Kxh3 Bxc5 34. Nxc5
Rad8 35. Qe3 Rd4 36. f4 Kf8 37. f5 Nxh4 38. Bxh4 Rxh4+ 39. Kxh4 Nxe4+ 40. Kh3
Nxc5 41. Qh6+ Ke8 42. Rcd1 Kd7 43. Rxd4+ exd4 44. Qf4 d3 45. Rg8 Qe4 46. Qb8
Qxf5+ 47. Kg2 Ne6 48. Qc8+ Kd6 49. Qb8+ Kd5 50. Qb3+ Ke4 51. Qc4+ Ke3 52. Rg3+
Ke2 53. Kh2 Qh5+ 54. Rh3 Qe5+ 55. Rg3 Nf4 56. Qxc6 Qh8+ 57. Kg1 Qd4+ 58. Kh2
Qf2+ 59. Kh1 Qxg3 0-1

[Event "Loures"]
[Site "Loures POR"]
[Date "1996.??.??"]
[Round "7"]
[White "Quadrio, Alexandre"]
[Black "Spraggett, Kevin"]
[Result "0-1"]
[WhiteElo "2230"]
[BlackElo "2530"]
[PlyCount "80"]
[EventDate "1996.??.??"]
[EventType "tourn"]
[EventRounds "11"]
[EventCountry "POR"]
[Source "ChessBase"]
[SourceDate "1997.11.17"]

1. e4 c6 2. d4 d5 3. e5 c5 4. dxc5 Nc6 5. Bb5 e6 6. Be3 Nge7 7. c3 Bd7 8. Bxc6
Nxc6 9. Nf3 Qc7 10. Bd4 Nxd4 11. cxd4 b6 12. c6 Qxc6 13. O-O Qb5 14. Qd2 Be7
15. Nc3 Qa5 16. Rac1 O-O 17. Qf4 b5 18. a3 b4 19. axb4 Qxb4 20. Qg4 Rad8 21.
Rc2 a5 22. h4 f5 23. Qf4 Rc8 24. Rfc1 Qb3 25. Nd2 Qb7 26. Nf1 h6 27. Ne3 Rf7
28. g3 Rff8 29. Qf3 Kh7 30. h5 Bg5 31. Ne2 Rxc2 32. Rxc2 Ba4 33. Rc5 Qxb2 34.
Rxa5 Bb5 35. Nf4 Bxf4 36. Qxf4 Bd3 37. Ng2 Be4 38. Qe3 Qb1+ 39. Qe1 Qd3 40. Ne3
Rb8 0-1

[Event "Loures2"]
[Site "Loures POR"]
[Date "1996.??.??"]
[Round "1"]
[White "Dias, Paulo"]
[Black "Spraggett, Kevin"]
[Result "0-1"]
[WhiteElo "2180"]
[BlackElo "2530"]
[PlyCount "64"]
[EventDate "1996.??.??"]
[EventType "tourn"]
[EventRounds "11"]
[EventCountry "POR"]
[Source "ChessBase"]
[SourceDate "1997.11.17"]

1. Nf3 Nf6 2. g3 d6 3. Bg2 e5 4. d3 Be7 5. O-O O-O 6. e4 c6 7. c3 Nbd7 8. a4 b6
9. b4 a6 10. Na3 Bb7 11. Nh4 g6 12. f4 exf4 13. gxf4 Ne8 14. Nf3 c5 15. b5 Bf6
16. Qe1 axb5 17. axb5 Bg7 18. d4 cxd4 19. cxd4 Nc7 20. e5 dxe5 21. fxe5 Ra4 22.
Bg5 Qa8 23. Be7 Re8 24. Bd6 Ne6 25. Qf2 f5 26. Rfd1 Nf4 27. Ne1 Nxg2 28. Nxg2
Nxe5 29. dxe5 Bxg2 30. Nc2 Be4 31. Rxa4 Qxa4 32. Nd4 Qxd1+ 0-1

[Event "Loures2"]
[Site "Loures POR"]
[Date "1996.??.??"]
[Round "2"]
[White "Spraggett, Kevin"]
[Black "Quadrio, Alexandre"]
[Result "1-0"]
[WhiteElo "2530"]
[BlackElo "2230"]
[PlyCount "95"]
[EventDate "1996.??.??"]
[EventType "tourn"]
[EventRounds "11"]
[EventCountry "POR"]
[Source "ChessBase"]
[SourceDate "1997.11.17"]

1. Nf3 Nf6 2. g3 g6 3. b3 Bg7 4. Bb2 O-O 5. Bg2 c5 6. c4 Nc6 7. O-O d6 8. d3 e5
9. Nc3 Rb8 10. a3 a6 11. Nd2 Bg4 12. h3 Be6 13. Nd5 Ne8 14. Rb1 f5 15. b4 cxb4
16. axb4 Nf6 17. Ba1 Ne7 18. Nxf6+ Bxf6 19. b5 axb5 20. Rxb5 b6 21. Qb3 Nc8 22.
Rb1 Qd7 23. Kh2 Bd8 24. f4 Na7 25. Rd5 exf4 26. gxf4 Bf6 27. Bxf6 Rxf6 28. Ra5
Qc7 29. Ra6 Nc8 30. Qb2 Rf8 31. Qd4 Qd7 32. Nf3 h6 33. Qf2 Kh7 34. Nd4 Bf7 35.
Rb5 Ne7 36. Rbxb6 Rxb6 37. Rxb6 d5 38. c5 Nc8 39. c6 Qd6 40. Rb7 Kg8 41. Rd7
Qc5 42. e3 Nb6 43. Rb7 Nc8 44. Qh4 Nd6 45. Rd7 Nb5 46. Qf6 Nxd4 47. exd4 Qc1
48. Qd6 1-0

[Event "Loures2"]
[Site "Loures POR"]
[Date "1996.??.??"]
[Round "3"]
[White "Nogueira, Nelson"]
[Black "Spraggett, Kevin"]
[Result "1/2-1/2"]
[WhiteElo "2200"]
[BlackElo "2530"]
[PlyCount "28"]
[EventDate "1996.??.??"]
[EventType "tourn"]
[EventRounds "11"]
[EventCountry "POR"]
[Source "ChessBase"]
[SourceDate "1997.11.17"]

1. d4 g6 2. g3 Bg7 3. Bg2 d5 4. Nf3 Nc6 5. a4 e6 6. O-O Nge7 7. Na3 O-O 8. c3
a6 9. Re1 f5 10. Bf4 h6 11. h4 Kh7 12. Qd3 Ng8 13. b4 Nf6 14. b5 Ne7 1/2-1/2

[Event "Loures2"]
[Site "Loures POR"]
[Date "1996.??.??"]
[Round "4"]
[White "Spraggett, Kevin"]
[Black "Caselas Cabanas, Jacobo"]
[Result "1-0"]
[WhiteElo "2530"]
[BlackElo "2350"]
[PlyCount "65"]
[EventDate "1996.??.??"]
[EventType "tourn"]
[EventRounds "11"]
[EventCountry "POR"]
[Source "ChessBase"]
[SourceDate "1997.11.17"]

1. e4 c5 2. Nc3 Nc6 3. g3 g6 4. Bg2 Bg7 5. d3 d6 6. Nh3 e6 7. O-O Nge7 8. Be3
O-O 9. Qd2 Rb8 10. Bh6 b5 11. Bxg7 Kxg7 12. f4 b4 13. Nd1 d5 14. e5 h5 15. Ne3
Nd4 16. Ng5 Ndf5 17. Bh3 Nxe3 18. Qxe3 Qb6 19. a3 d4 20. Qd2 b3 21. cxb3 Qxb3
22. Rf2 Ba6 23. Ne4 Rfc8 24. Nd6 Rc7 25. f5 exf5 26. Bxf5 Nxf5 27. Nxf5+ gxf5
28. Qg5+ Kf8 29. Qh6+ Kg8 30. Rxf5 f6 31. exf6 Rh7 32. Qg6+ Kh8 33. f7 1-0

[Event "Loures2"]
[Site "Loures POR"]
[Date "1996.??.??"]
[Round "10"]
[White "Santos, Carlos Pereira"]
[Black "Spraggett, Kevin"]
[Result "1/2-1/2"]
[WhiteElo "2340"]
[BlackElo "2530"]
[PlyCount "20"]
[EventDate "1996.??.??"]
[EventType "tourn"]
[EventRounds "11"]
[EventCountry "POR"]
[Source "ChessBase"]
[SourceDate "1997.11.17"]

1. d4 Nf6 2. c4 e6 3. Nc3 Bb4 4. a3 Bxc3+ 5. bxc3 c5 6. e3 Nc6 7. Bd3 O-O 8.
Ne2 b6 9. O-O Ba6 10. e4 Ne8 1/2-1/2

[Event "Loures2"]
[Site "Loures POR"]
[Date "1996.??.??"]
[Round "11"]
[White "Spraggett, Kevin"]
[Black "Frois, Antonio"]
[Result "1/2-1/2"]
[WhiteElo "2530"]
[BlackElo "2380"]
[PlyCount "20"]
[EventDate "1996.??.??"]
[EventType "tourn"]
[EventRounds "11"]
[EventCountry "POR"]
[Source "ChessBase"]
[SourceDate "1997.11.17"]

1. e4 c5 2. Nc3 Nc6 3. g3 g6 4. Bg2 Bg7 5. d3 d6 6. Be3 e5 7. Qd2 Nge7 8. Nge2
O-O 9. Bh6 f6 10. Bxg7 Kxg7 1/2-1/2

[Event "Mestre Jovem I"]
[Site "Canecas POR"]
[Date "1996.??.??"]
[Round "2"]
[White "Spraggett, Kevin"]
[Black "Santos, Carlos Pereira"]
[Result "1-0"]
[WhiteElo "2530"]
[BlackElo "2340"]
[PlyCount "47"]
[EventDate "1996.??.??"]
[EventType "tourn"]
[EventRounds "11"]
[EventCountry "POR"]

1. e4 e5 2. Nf3 Nc6 3. Bb5 a6 4. Ba4 b5 5. Bb3 Na5 6. O-O d6 7. d4 f6 8. Be3
Nxb3 9. axb3 Bb7 10. Nbd2 Ne7 11. c4 b4 12. Qc2 exd4 13. Nxd4 c5 14. Ne6 Qd7
15. Nf4 h5 16. Nd5 Nxd5 17. cxd5 Kf7 18. Nc4 Re8 19. Rad1 g6 20. f4 Bh6 21. e5
dxe5 22. fxe5 Bxe3+ 23. Kh1 Bd4 24. Rxf6+ 1-0

[Event "Mestre Jovem I"]
[Site "Canecas POR"]
[Date "1996.??.??"]
[Round "4"]
[White "Spraggett, Kevin"]
[Black "Costa, Fernando JM"]
[Result "1-0"]
[WhiteElo "2530"]
[BlackElo "2175"]
[PlyCount "51"]
[EventDate "1996.??.??"]
[EventType "tourn"]
[EventRounds "11"]
[EventCountry "POR"]

1. e4 c5 2. Nc3 e6 3. Nf3 Nc6 4. Bb5 a6 5. Bxc6 bxc6 6. O-O d5 7. d3 Nf6 8. Qe2
Be7 9. b3 Qc7 10. Ba3 Nd7 11. Na4 h5 12. c4 Bb7 13. Rac1 g5 14. cxd5 cxd5 15.
Bxc5 Nxc5 16. Nxc5 Bxc5 17. b4 g4 18. Rxc5 gxf3 19. Qb2 Qf4 20. Qxh8+ Ke7 21.
Qg7 dxe4 22. g3 Qd6 23. Rfc1 Rd8 24. Rc7+ Rd7 25. Qg5+ Ke8 26. Rxb7 1-0

[Event "Mestre Jovem I"]
[Site "Canecas POR"]
[Date "1996.??.??"]
[Round "9"]
[White "Permuy Lorenzo, Carlos Javier"]
[Black "Spraggett, Kevin"]
[Result "1/2-1/2"]
[WhiteElo "2315"]
[BlackElo "2530"]
[PlyCount "132"]
[EventDate "1996.??.??"]
[EventType "tourn"]
[EventRounds "11"]
[EventCountry "POR"]

1. f4 c5 2. Nf3 g6 3. g3 Bg7 4. Bg2 Nc6 5. O-O d6 6. d3 e6 7. e4 Nge7 8. c3 O-O
9. Na3 Rb8 10. d4 b6 11. Be3 Qd7 12. Re1 Rd8 13. Qe2 cxd4 14. Nxd4 Nxd4 15.
Bxd4 e5 16. fxe5 dxe5 17. Be3 Qb7 18. Rad1 Be6 19. b3 h5 20. Bf3 Nc6 21. Nc2 b5
22. Bf2 a5 23. Ne3 b4 24. Nd5 bxc3 25. Nxc3 Nd4 26. Bxd4 exd4 27. Nd5 Qa7 28.
Qd2 Rbc8 29. Qg5 Re8 30. e5 d3+ 31. Qe3 Qxe3+ 32. Rxe3 Bf5 33. Be4 Bg4 34.
Rdxd3 Rc1+ 35. Kf2 Rxe5 36. Bf3 Rc2+ 37. Kg1 Rxa2 38. Ne7+ Kh7 39. Rxe5 Bxe5
40. Nc6 Bc7 41. Bxg4 hxg4 42. Rd7 Bb6+ 43. Kf1 Rf2+ 44. Ke1 Rf6 45. Nd4 g5 46.
Ke2 Kg6 47. Rd5 Kh5 48. Rd7 Bxd4 49. Rxd4 Rb6 50. Rd5 Rxb3 51. Rxa5 Rb2+ 52.
Kf1 Rxh2 53. Ra7 Kg6 54. Ra4 Rh3 55. Kg2 f5 56. Ra6+ Kf7 57. Ra7+ Kf6 58. Ra6+
Ke5 59. Ra5+ Ke4 60. Ra4+ Ke3 61. Ra3+ Kd4 62. Ra4+ Kd3 63. Ra3+ Kd2 64. Ra2+
Kd3 65. Ra3+ Kc2 66. Ra2+ Kd3 1/2-1/2

[Event "Ubeda op"]
[Site "Ubeda ESP"]
[Date "1996.??.??"]
[Round "?"]
[White "Hansen, Sune Berg"]
[Black "Spraggett, Kevin"]
[Result "1/2-1/2"]
[WhiteElo "2495"]
[BlackElo "2545"]
[PlyCount "45"]
[EventDate "1996.??.??"]
[EventType "swiss"]
[EventCountry "ESP"]
[Source "ChessBase"]
[SourceDate "1997.07.29"]

1. e4 d5 2. exd5 Nf6 3. c4 e6 4. d4 exd5 5. Nc3 Be7 6. Nf3 O-O 7. Bd3 dxc4 8.
Bxc4 Bg4 9. Be3 Nc6 10. O-O a6 11. h3 Bxf3 12. Qxf3 Nxd4 13. Qxb7 c5 14. Nd5
Nxd5 15. Qxd5 Qb6 16. Rad1 Bf6 17. b3 Rad8 18. Qh5 g6 19. Qg4 Bg7 20. Bg5 Bf6
21. Bh6 Bg7 22. Bg5 Bf6 23. Bh6 1/2-1/2

[Event "Ubeda op"]
[Site "Ubeda ESP"]
[Date "1996.??.??"]
[Round "?"]
[White "Spraggett, Kevin"]
[Black "Drasko, Milan"]
[Result "1/2-1/2"]
[WhiteElo "2545"]
[BlackElo "2505"]
[PlyCount "77"]
[EventDate "1996.??.??"]
[EventType "swiss"]
[EventCountry "ESP"]
[Source "ChessBase"]
[SourceDate "1997.07.29"]

1. g3 d5 2. Bg2 c6 3. d3 e5 4. Nc3 Bg4 5. f3 Bh5 6. e4 dxe4 7. dxe4 Qxd1+ 8.
Nxd1 f6 9. Be3 Nd7 10. Bh3 Bb4+ 11. Kf2 Bf7 12. Ne2 Ne7 13. Nc1 Kd8 14. Nd3 Ba5
15. a4 Kc7 16. b4 Bb6 17. a5 Bxe3+ 18. Nxe3 Rhd8 19. Rhd1 Nf8 20. Nc5 Rd4 21.
Rxd4 exd4 22. Nf5 Nxf5 23. Bxf5 Rd8 24. f4 Re8 25. h4 Re7 26. Bh3 Be6 27. Bf1
Nd7 28. Rd1 Nxc5 29. bxc5 Rd7 30. Rb1 f5 31. Bd3 g6 32. Rb4 fxe4 33. Bxe4 Bf5
34. Kf3 h5 35. Rc4 Bg4+ 36. Kf2 Bf5 37. Kf3 Bg4+ 38. Kf2 Bf5 39. Kf3 1/2-1/2

[Event "Ubeda op"]
[Site "Ubeda ESP"]
[Date "1996.??.??"]
[Round "?"]
[White "Spraggett, Kevin"]
[Black "Velcheva, Maria"]
[Result "1-0"]
[WhiteElo "2545"]
[BlackElo "2270"]
[PlyCount "61"]
[EventDate "1996.??.??"]
[EventType "swiss"]
[EventCountry "ESP"]
[Source "ChessBase"]
[SourceDate "1997.07.29"]

1. Nf3 c5 2. c4 Nc6 3. b3 e5 4. Bb2 e4 5. Ng1 Nf6 6. Nc3 d6 7. g3 Bf5 8. Bg2
Qd7 9. d3 exd3 10. e4 Bg6 11. Qxd3 Be7 12. h3 O-O-O 13. Nge2 h5 14. f4 Nb4 15.
Qd2 Qc6 16. f5 Bxf5 17. Nd5 Nfxd5 18. exf5 Nc2+ 19. Kf2 Nxa1 20. Rxa1 Qd7 21.
Qxd5 Rhg8 22. Rd1 Bg5 23. h4 Bh6 24. Nc3 g6 25. Ne4 Qxf5+ 26. Qxf5+ gxf5 27.
Nf6 Rgf8 28. Bh3 Kb8 29. Bxf5 Ka8 30. Nd5 a6 31. Bf6 1-0

[Event "Ubeda op"]
[Site "Ubeda ESP"]
[Date "1996.??.??"]
[Round "?"]
[White "Spraggett, Kevin"]
[Black "Wells, Peter"]
[Result "1/2-1/2"]
[WhiteElo "2545"]
[BlackElo "2495"]
[PlyCount "89"]
[EventDate "1996.??.??"]
[EventType "swiss"]
[EventCountry "ESP"]
[Source "ChessBase"]
[SourceDate "1997.07.29"]

1. g3 d5 2. Bg2 c6 3. d3 e5 4. Nc3 Nf6 5. Nf3 Bd6 6. O-O O-O 7. Nd2 Na6 8. e4
Bg4 9. f3 Bh5 10. Qe2 Nc5 11. Nd1 Re8 12. Nf2 Bf8 13. Re1 a5 14. Nf1 Ne6 15. c3
a4 16. h4 h6 17. Ng4 Nxg4 18. fxg4 Bg6 19. Ne3 Bc5 20. Kh2 d4 21. Nf5 a3 22. b4
Bf8 23. Bd2 dxc3 24. Bxc3 Nc7 25. Red1 Nb5 26. Be1 Bxf5 27. exf5 Bd6 28. Be4
Qe7 29. Rab1 Nd4 30. Qd2 Qd7 31. Bf2 Be7 32. Bxd4 exd4 33. g5 hxg5 34. hxg5 Qd6
35. b5 Bd8 36. Rf1 Rc8 37. bxc6 bxc6 38. f6 Bc7 39. Rf3 Rb8 40. Rxb8 Rxb8 41.
Qc1 Rb2+ 42. Kh3 Rf2 43. Qxc6 Qxc6 44. Bxc6 Rxf3 45. Bxf3 1/2-1/2

[Event "Zaragoza op"]
[Site "Zaragoza ESP"]
[Date "1996.??.??"]
[Round "1"]
[White "Huss, Andreas"]
[Black "Spraggett, Kevin"]
[Result "0-1"]
[WhiteElo "2380"]
[BlackElo "2545"]
[PlyCount "98"]
[EventDate "1996.??.??"]
[EventType "swiss"]
[EventRounds "9"]
[EventCountry "ESP"]

1. d4 f5 2. Nc3 Nf6 3. Bg5 d5 4. Bxf6 exf6 5. e3 Be6 6. Bd3 Nc6 7. a3 Qd7 8.
Nge2 O-O-O 9. Na4 Kb8 10. c3 b6 11. b4 Qe8 12. Nb2 Bc8 13. Qb1 g6 14. a4 a6 15.
b5 Na5 16. bxa6 Bd6 17. Qc2 f4 18. exf4 Bxf4 19. O-O Bd6 20. c4 dxc4 21. Nxc4
Qc6 22. Qa2 Be6 23. Nxa5 bxa5 24. Qd2 Bb4 25. Qf4 Bd5 26. Rfc1 Qd6 27. Qxd6
Rxd6 28. Rab1 Rc8 29. Rc2 Bc6 30. Ra2 Bd7 31. Bc4 c5 32. d5 Ka7 33. Kf1 Re8 34.
Ng3 f5 35. f3 Bc8 36. Re2 Rxe2 37. Nxe2 Bxa6 38. Bxa6 Kxa6 39. Rd1 Kb6 40. Nf4
c4 41. h4 Rd7 42. Ke2 Kc5 43. Ne6+ Kd6 44. Rd4 Rb7 45. Kd1 Ba3 46. Kc2 Rb4 47.
Ng5 h6 48. Nf7+ Kc5 49. Rd1 Rb2+ 0-1

[Event "Manresa op"]
[Site "Manresa ESP"]
[Date "1995.??.??"]
[Round "1"]
[White "Spraggett, Kevin"]
[Black "Vilalta, L."]
[Result "1-0"]
[WhiteElo "2530"]
[BlackElo "2125"]
[PlyCount "67"]
[EventDate "1995.??.??"]
[EventType "swiss"]
[EventRounds "9"]
[EventCountry "ESP"]

1. e4 c5 2. Nc3 d6 3. f4 Nc6 4. Nf3 e6 5. g3 Nf6 6. Bg2 Be7 7. d3 a6 8. O-O O-O
9. h3 Qc7 10. g4 Re8 11. g5 Nd7 12. Ne2 b5 13. Ng3 Bb7 14. Nh2 Rad8 15. Ng4 Nb6
16. Nh5 d5 17. Qe1 Nd4 18. Qf2 dxe4 19. dxe4 b4 20. Kh1 Nc4 21. c3 bxc3 22.
bxc3 Nb5 23. a4 Nbd6 24. Qe2 Na5 25. Rb1 Ndc4 26. f5 exf5 27. Rxf5 Nd6 28. Rf1
Bc8 29. Bf4 Be6 30. Rg1 Bc4 31. Qf3 Qd7 32. Be5 Bxg5 33. Bxg7 Nxe4 34. Qxe4 1-0